| 000 | 00597nam a2200205Ia 4500 | ||
|---|---|---|---|
| 008 | 150520s9999 xx 000 0 und d | ||
| 050 | _aHF 5415.32 | ||
| 050 | _b.E81 2015 | ||
| 100 | _aEstorque, Nel John Tan. | ||
| 245 | _aCustomer preference for international cuisine of customer in BF homes Parañaque / | ||
| 245 | _cNel John Tan Estorque. | ||
| 260 | _aLas Piñas, Philippines : | ||
| 260 | _bSISC, | ||
| 260 | _c2015. | ||
| 300 | _a28 pages : | ||
| 300 | _billustrations ; | ||
| 300 | _c28 cm. | ||
| 500 | _aIncludes bibliography reference. | ||
| 650 | _aConsumers' preferences | ||
| 999 |
_c284084 _d284084 |
||